[Event "Challenge"]
[Site "http://www.queenalice.com/game.php?id=540500"]
[Date "2009.2.14"]
[Round "-"]
[White "regoshk"]
[Black "Stegyre"]
[Result "1-0"]
[WhiteElo "1971"]
[BlackElo "1918"]

1. e4 c5 2. Nf3 Nc6 3. d4 cxd4 4. Nxd4 e5 5. Nxc6 bxc6 6. Nc3 Nf6 7. Bc4 Be7 8.
Qd3 Bb7 9. Bg5 O-O 10. O-O-O h6 11. Bxf6 Bxf6 12. Qxd7 Qb6 13. Qf5 Bc8 14. Qg6
Rb8 15. b3 Qb4 16. Qg3 Bg5+ 17. Kb2 Qxc4 18. Rd6 Rd8 19. Rxd8+ Bxd8 20. Qxe5 Qb4
21. Qe8+ Qf8 22. Qxc6 Bf6 23. Qa4 Bxc3+ 24. Kxc3 Qc5+ 25. Qc4 Qxf2 26. Qc7 Qb6
27. Qxb6 Rxb6 28. Rd1 Be6 29. Rd4 Kf8 30. Rb4 Ke7 31. Rxb6 axb6 32. Kb4 Bd7 33.
Kc4 Ke6 34. Kd4 Bc6 35. c4 g6 36. b4 f5 37. exf5+ gxf5 38. g3 Kf6 39. b5 Bb7 40.
c5 bxc5+ 41. Kxc5 Kg5 42. Kb6 Bd5 43. a4 Kg4 44. a5 Kh3 45. a6 Kxh2 46. Ka7 Kxg3
47. b6 h5 48. b7 Be4 49. b8=Q+ Kg4 50. Qh2 h4 51. Kb8 h3 52. a7 f4 53. a8=Q Bxa8
54. Kxa8 f3 55. Kb7 Kh4 56. Kc6 Kg4 57. Kd5 Kh4 58. Ke5 Kg4 59. Qf4+ Kh5 60. Kf5
f2 61. Qg5# 1-0

[Event "Challenge"]
[Site "http://www.queenalice.com/game.php?id=540501"]
[Date "2009.2.14"]
[Round "-"]
[White "Stegyre"]
[Black "regoshk"]
[Result "0-1"]
[WhiteElo "1902"]
[BlackElo "1889"]

1. d4 d5 2. g3 Nf6 3. Bg2 e6 4. Nc3 Nbd7 5. Nh3 c6 6. Bg5 h6 7. Bxf6 Nxf6 8. O-O
Bd6 9. e4 dxe4 10. Nxe4 O-O 11. Nxd6 Qxd6 12. c3 g5 13. Qf3 Qe7 14. Qe3 Nh7 15.
Rfe1 Re8 16. f4 g4 17. Nf2 f5 18. Nd3 Nf6 19. Ne5 Nd5 20. Qd3 Kg7 21. h3 h5 22.
Kf2 Bd7 23. c4 Nf6 24. Re2 gxh3 25. Bxh3 Ng4+ 26. Bxg4 hxg4 27. Nxd7 Qxd7 28.
Rae1 Rad8 29. d5 cxd5 30. Qd4+ Kg6 31. c5 Re7 32. Re5 Rde8 33. a4 a5 34. b3 Rh7
35. Kg2 Kf7 36. Rh1 Rxh1 37. Kxh1 Qc6 38. Kg2 Rc8 39. Re1 Qxc5 40. Qe5 Qc6 41.
Re2 d4+ 42. Kf2 Qf3+ 43. Ke1 Rc1+ 0-1

[Event "Challenge"]
[Site "http://www.queenalice.com/game.php?id=578239"]
[Date "2009.4.26"]
[Round "-"]
[White "enrikov"]
[Black "regoshk"]
[Result "0-1"]
[WhiteElo "1973"]
[BlackElo "2030"]

1. c4 Nf6 2. Nc3 e5 3. Nf3 Nc6 4. d4 exd4 5. Nxd4 d6 6. e4 Bd7 7. Be2 Be7 8. O-O
O-O 9. Be3 Re8 10. a3 a5 11. Qc2 Bf8 12. Rad1 Nxd4 13. Bxd4 Bc6 14. Bd3 b6 15.
Nd5 Be7 16. Rfe1 h6 17. Re2 Nd7 18. Rde1 Bf6 19. Qc3 Bxd4 20. Qxd4 Ne5 21. Bc2
b5 22. c5 Qg5 23. Re3 Bxd5 24. Qxd5 Nf3+ 25. Kf1 Qxd5 26. exd5 Nxe1 27. Kxe1
Rxe3+ 28. fxe3 dxc5 29. Ke2 c4 30. b3 b4 31. axb4 axb4 32. bxc4 Ra2 33. Kd3 g5
34. c5 Ra3+ 35. Kd4 b3 0-1

[Event "Challenge"]
[Site "http://www.queenalice.com/game.php?id=580114"]
[Date "2009.4.29"]
[Round "-"]
[White "regoshk"]
[Black "talisman77"]
[Result "1-0"]
[WhiteElo "1998"]
[BlackElo "1747"]

1. e4 e5 2. Nf3 Nf6 3. Nxe5 d6 4. Nf3 Be7 5. Nc3 Nc6 6. d4 O-O 7. Bd3 Bg4 8. Be3
Qd7 9. a3 Rae8 10. h3 Bh5 11. g4 Bg6 12. Qd2 d5 13. exd5 Bxd3 14. dxc6 Qxc6 15.
d5 Nxd5 16. Ne5 Qe6 17. Nxd3 Bg5 18. Nxd5 Qxd5 19. O-O-O Qa2 20. Qe2 Re6 21. h4
Bxe3+ 22. fxe3 Rfe8 23. Rh3 Qc4 24. Rf3 Qxg4 25. Nc5 R6e7 26. Rf2 Qxh4 27. Rh2
Qg5 28. Nxb7 Rxe3 29. Qh5 Qxh5 30. Rxh5 h6 31. Rd8 Re1+ 32. Kd2 Re2+ 33. Kc3 Kf8
34. Rxe8+ Kxe8 35. b4 Re3+ 36. Kb2 Kf8 37. a4 f6 38. Nc5 Kf7 39. Na6 c6 40. Nb8
Re5 41. Rxe5 fxe5 42. Nxc6 e4 43. b5 e3 44. Kc1 g5 45. a5 g4 46. Ne5+ Kf6 47. b6
axb6 48. axb6 e2 49. Kd2 g3 50. b7 g2 51. Nf3 1-0

[Event "Challenge"]
[Site "http://www.queenalice.com/game.php?id=586578"]
[Date "2009.5.11"]
[Round "-"]
[White "andrea9"]
[Black "regoshk"]
[Result "0-1"]
[WhiteElo "1689"]
[BlackElo "2027"]

1. e4 c5 2. Nf3 d6 3. Nc3 Nc6 4. Bb5 Bd7 5. d4 cxd4 6. Nxd4 e6 7. a3 Nf6 8. Bg5
Be7 9. O-O Qc7 10. Re1 a6 11. Bxc6 bxc6 12. Qf3 e5 13. Nf5 Bxf5 14. Qxf5 h6 15.
Be3 Rb8 16. b3 O-O 17. h4 g6 18. Qh3 Kh7 19. Rf1 h5 20. f3 d5 21. Bd2 d4 22. Ne2
Bc5 23. Kh1 Ba7 24. f4 Nxe4 25. Bb4 c5 26. Be1 f5 27. Bg3 Nxg3+ 28. Qxg3 e4 29.
Qg5 c4 30. b4 d3 31. cxd3 cxd3 32. Rac1 Qf7 33. Nc3 Rbc8 34. Na2 Rxc1 35. Nxc1
Qc4 36. Qe7+ Rf7 37. Qe5 d2 0-1

[Event "Challenge"]
[Site "http://www.queenalice.com/game.php?id=586579"]
[Date "2009.5.11"]
[Round "-"]
[White "regoshk"]
[Black "andrea9"]
[Result "1-0"]
[WhiteElo "2021"]
[BlackElo "1689"]

1. e4 e5 2. Nf3 d6 3. d4 exd4 4. Nxd4 c5 5. Bb5+ Bd7 6. Bxd7+ Nxd7 7. Nf5 g6 8.
Nxd6+ Bxd6 9. Qxd6 Qa5+ 10. Nc3 Rd8 11. Bg5 f6 12. Qe6+ Kf8 13. O-O-O Qc7 14.
Nd5 Qe5 15. Qxe5 Nxe5 16. Nxf6 Rxd1+ 17. Rxd1 Nf7 18. Nxg8 Nxg5 19. Nf6 Kg7 20.
e5 b6 21. f4 Ne6 22. Rd7+ Kh6 23. g3 a5 24. h4 1-0

[Event "Challenge"]
[Site "http://www.queenalice.com/game.php?id=600374"]
[Date "2009.6.8"]
[Round "-"]
[White "brunofernandes"]
[Black "regoshk"]
[Result "1-0"]
[WhiteElo "2219"]
[BlackElo "2017"]

1. e4 c5 2. Nf3 d6 3. d4 cxd4 4. Nxd4 Nf6 5. Nc3 a6 6. Bg5 e6 7. f4 Be7 8. Qf3
Qc7 9. O-O-O Nc6 10. Nxc6 bxc6 11. e5 Nd5 12. Bxe7 Qxe7 13. Ne4 dxe5 14. fxe5
O-O 15. c4 Nc7 16. Bd3 Ne8 17. Rhf1 f5 18. exf6 Nxf6 19. Qh3 h6 20. Nxf6+ Rxf6
21. Qg4 Rxf1 22. Rxf1 Qg5+ 23. Qxg5 hxg5 24. Be4 Bb7 25. Rd1 Rf8 26. Rd7 Rf4 27.
Bd3 Rf7 28. Rd8+ Rf8 29. Bh7+ Kf7 30. Rd7+ Kf6 31. Rxb7 g6 32. Rc7 Rf7 33. Rxf7+
Kxf7 34. b4 Kg7 35. a4 1-0

[Event "Challenge"]
[Site "http://www.queenalice.com/game.php?id=600381"]
[Date "2009.6.8"]
[Round "-"]
[White "regoshk"]
[Black "brunofernandes"]
[Result "0-1"]
[WhiteElo "2025"]
[BlackElo "2230"]

1. e4 c5 2. Nf3 d6 3. d4 cxd4 4. Nxd4 Nf6 5. Bd3 e5 6. Nb3 d5 7. exd5 Nxd5 8.
Bg5 Qxg5 9. Bb5+ Nc6 10. Qxd5 Bd7 11. N1d2 O-O-O 12. O-O-O Be6 13. Qe4 Bd5 14.
Qa4 a6 15. Bxa6 bxa6 16. Qxa6+ Kc7 17. Kb1 Qxg2 18. Nc4 Qxf2 19. Rhf1 Qa7 20.
Qb5 Nd4 21. Rxf7+ Bxf7 22. Qxe5+ Kc8 23. Rxd4 Rxd4 24. Nxd4 Qc5 25. b3 Qxe5 26.
Nxe5 Bd5 27. h3 Bd6 28. Nd3 Be4 29. Nc1 Rf8 0-1

[Event "Challenge"]
[Site "http://www.queenalice.com/game.php?id=609433"]
[Date "2009.6.27"]
[Round "-"]
[White "regoshk"]
[Black "technicaldraw"]
[Result "1-0"]
[WhiteElo "2065"]
[BlackElo "2082"]

1. e4 e6 2. d4 d5 3. Nc3 Bb4 4. e5 c5 5. a3 Bxc3+ 6. bxc3 Ne7 7. Bb5+ Bd7 8.
Bxd7+ Qxd7 9. h4 Nbc6 10. Qg4 cxd4 11. Qxg7 Rg8 12. Qxh7 dxc3 13. Nf3 O-O-O 14.
Bg5 Rdf8 15. Qd3 d4 16. h5 Rxg5 17. Nxg5 Nxe5 18. Qe4 Nc4 19. Nh7 Nd2 20. Nxf8
1-0

[Event "Let's Play Chess!"]
[Site "http://www.queenalice.com/game.php?id=609823"]
[Date "2009.6.27"]
[Round "-"]
[White "regoshk"]
[Black "drd123"]
[Result "0-1"]
[WhiteElo "2069"]
[BlackElo "2113"]

1. e4 e5 2. Nf3 Nc6 3. Bc4 Nf6 4. d3 h6 5. c3 d6 6. h3 Be7 7. O-O O-O 8. a4 a6
9. b4 Be6 10. Bxe6 fxe6 11. Qb3 d5 12. Nbd2 Qd7 13. Bb2 Rad8 0-1

[Event "Let's Play Chess!"]
[Site "http://www.queenalice.com/game.php?id=609830"]
[Date "2009.6.27"]
[Round "-"]
[White "drd123"]
[Black "regoshk"]
[Result "1-0"]
[WhiteElo "2100"]
[BlackElo "2041"]

1. f4 e6 2. Nf3 d5 3. e3 Nf6 4. d4 Ne4 5. Bd3 Be7 6. O-O c5 7. c3 O-O 8. Nbd2
Nxd2 9. Bxd2 Nc6 10. Ne5 c4 11. Bc2 Qc7 12. Rf3 g6 13. Rh3 1-0

[Event "Let's Play Chess!"]
[Site "http://www.queenalice.com/game.php?id=609842"]
[Date "2009.6.28"]
[Round "-"]
[White "dnptrs"]
[Black "regoshk"]
[Result "1-0"]
[WhiteElo "2093"]
[BlackElo "2103"]

1. d4 d5 2. Nf3 e6 3. e3 Nf6 4. c4 c6 5. Nc3 Bd6 6. cxd5 exd5 7. Be2 Nbd7 8. Qc2
O-O 9. O-O b6 10. Bd3 h6 11. Bd2 Bb7 12. Rad1 c5 13. b3 a6 14. Qb2 1-0

[Event "Let's Play Chess!"]
[Site "http://www.queenalice.com/game.php?id=609844"]
[Date "2009.6.27"]
[Round "-"]
[White "Matrim"]
[Black "regoshk"]
[Result "1-0"]
[WhiteElo "2101"]
[BlackElo "2014"]

1. d4 d5 2. Bf4 Nf6 3. Nf3 e6 4. e3 Bd6 5. Bg3 c6 6. Bd3 O-O 7. Ne5 Qc7 8. Nd2
Nbd7 9. f4 c5 10. O-O c4 11. Be2 b5 12. Bh4 Ne4 13. Nxe4 dxe4 14. f5 Nxe5 15.
dxe5 Bxe5 16. f6 Bxh2+ 17. Kh1 Be5 18. c3 Bxf6 19. Bxf6 gxf6 20. Rxf6 Qg3 21.
Rf4 Qxe3 22. Qd6 Qxe2 23. Rh4 Qf2 24. Rg4+ 1-0

[Event "Challenge #01"]
[Site "http://www.queenalice.com/game.php?id=665857"]
[Date "2009.10.11"]
[Round "-"]
[White "Aylton"]
[Black "regoshk"]
[Result "1/2-1/2"]
[WhiteElo "2054"]
[BlackElo "2026"]

1. d4 d5 2. Nf3 Nf6 3. e3 e6 4. c4 c6 5. a3 Nbd7 6. Nc3 dxc4 7. Bxc4 b5 8. Be2
Be7 9. O-O Bb7 10. h3 a6 11. Qc2 Qc7 12. Rd1 O-O 13. b3 Rac8 14. Bb2 c5 15. dxc5
Nxc5 16. Rac1 Nce4 17. Qb1 Qb6 18. b4 Nxc3 19. Rxc3 a5 20. bxa5 Qxa5 21. Rxc8
Rxc8 22. Nd4 Be4 23. Qa1 b4 1/2-1/2

[Event "Challenge #02"]
[Site "http://www.queenalice.com/game.php?id=665858"]
[Date "2009.10.11"]
[Round "-"]
[White "regoshk"]
[Black "Aylton"]
[Result "1-0"]
[WhiteElo "2005"]
[BlackElo "2040"]

1. e4 c5 2. Nf3 Nc6 3. d4 cxd4 4. Nxd4 e5 5. Nb3 d6 6. Nc3 f5 7. Bc4 Nf6 8. Bg5
Be7 9. Bxf6 Bxf6 10. Qd5 Qe7 11. O-O-O f4 12. Qxd6 Qxd6 13. Rxd6 Ke7 14. Rhd1
Nd4 15. Rd5 Be6 16. Rc5 b6 17. Rc7+ Kd8 18. Nb5 Bxc4 19. Rxc4 Ke7 20. N3xd4 exd4
21. Nxd4 1-0